Statistics for Breaking Bad Character Names

Click here to take the quiz!

General Stats

  • This quiz has been taken 449 times
  • The average score is 8 of 15

Answer Stats

HintAnswer% Correct
wifeskyler
95%
kleptomaniac sistermarie
94%
crazy druglordtuco
91%
chemistry teacherwalter white
89%
DEA brother in-lawhank
84%
lawyersaul
76%
daughterholly
67%
chemistry teachers partnerjesse pinkman
67%
girlfriendjane
60%
wife's bossted beneke
44%
dead dealercrazy-8
28%
thought to have paid for main characters chemo.gretchen and elliot
17%
sonwalter jnr
6%
dealerbeaver
3%
junkie killed by atm machinemr spooge
1%

Score Distribution

Percentile by Number Answered

Percent of People with Each Score

Your Score History

You have not taken this quiz